00725nam a22001937a 450000500170000001000150001702000260003203500140005803700090007208200150008124500830009626000380017927000570021730000280027470000300030294200260033299900190035895201540037720250611125618.0 aENG-145267 a9788182749481c995.00 aEN-128799 bDBAD a358.88221 a50 Years of the Outer Space Treaty:cEdited by Ajey LelebTracing the Journey/ aNew Delhi bPentagon Press c2017 a206, Peacock Lane, Shahpur Jat, bNew Delhi e110049 axii, 217p. c24 cm(Hb)  aLele, Ajey 93888eEditor 2ddccENmYEAh358.882 c211735d211735 001040708NFICaMbMd2025-06-11eDelivery of Books Act Divisiong995.00l0oYEA 358.882pEN-128799r2025-06-11 00:00:00t1v995.00w2025-06-11yEN